Revista de la Guerra de la Independencia de Chile.

I tiakina i:
Ngā taipitopito rārangi puna kōrero
Kaituhi matua: Matta Vial, Enrique (autor)
Ētahi atu kaituhi: Rodríguez Ballesteros, José
Hōputu: Pukapuka
Reo:Pāniora
I whakaputaina: Santiago Imprenta Cervantes 1901
Rangatū:Colección de Historiadores i de Documentos relativos a la Independencia de Chile 5,6 y 11
Ngā marau:
Ngā Tūtohu: Tāpirihia he Tūtohu
Kāore He Tūtohu, Me noho koe te mea tuatahi ki te tūtohu i tēnei pūkete!

MARC

LEADER 00000nam a2200000 a 4500
001 UCJ7880
003 CL-VaPUC
005 20250226123739.0
008 070124e19010000CL |||||||||||||||||spa|d
999 |c 323745  |d 323743 
040 |c Pontificia Universidad Católica de Valparaíso 
082 0 4 |a 983 MAT 1901  |2 21 
100 |a Matta Vial, Enrique  |e autor  |9 516430 
245 1 0 |a Revista de la Guerra de la Independencia de Chile. 
260 |a Santiago  |b Imprenta Cervantes  |c 1901 
300 |a 3 v 
490 0 |a Colección de Historiadores i de Documentos relativos a la Independencia de Chile  |v 5,6 y 11 
583 |a last modification  |c 20070124 00:00:00  |k Rodrigo Vera 
600 0 |a Cochrane, Thomas Alexander  |9 438892 
600 0 7 |a BENAVIDES, VICENTE  |2 CL-VaPUC  |9 444834 
650 0 |a Historia de Chile  |9 265473 
650 0 |a Geografía de Chile   |9 268295 
650 0 |a Patria Vieja  |9 380238 
650 0 |a Fuentes Históricas  |9 265141 
650 0 |a Aborígenes  |9 329972 
650 0 |a Colonización española  |9 256592 
650 0 |a Guerra de la independencia   |9 331979 
650 0 |a Operaciones militares  |9 372045 
651 0 |a Valdivia (Chile)  |z CHILE  |9 268941 
651 0 |a Chiloé  |z CHILE  |9 265209 
700 0 |a Rodríguez Ballesteros, José  |9 507733 
942 |c BK  |2 ddc 
945 |d 20070124 00:00:00  |a rinostro 
952 |0 0  |1 0  |2 ddc  |4 0  |6 983_000000000000000_MAT_1901  |7 0  |8 X  |9 403526  |a FDOBUD  |b FDOBUD  |d 2019-11-22  |h v.1  |i 1018779  |o 983 MAT 1901  |p 1018779  |r 2019-11-22  |t 1  |w 2019-11-22  |y BK_X  |k BUD 
952 |0 0  |1 0  |2 ddc  |4 0  |6 983_000000000000000_MAT_1901  |7 0  |8 X  |9 403527  |a FDOBUD  |b FDOBUD  |d 2019-11-22  |h v.2  |i 1018787  |o 983 MAT 1901  |p 1018787  |r 2019-11-22  |t 1  |w 2019-11-22  |y BK_X  |k BUD 
952 |0 0  |1 0  |2 ddc  |4 0  |6 983_000000000000000_MAT_1901  |7 0  |8 X  |9 403528  |a FDOBUD  |b FDOBUD  |d 2019-11-22  |h v.3  |i 1018833  |o 983 MAT 1901  |p 1018833  |r 2019-11-22  |t 1  |w 2019-11-22  |y BK_X  |k BUD